CARRANZAS CLINICAL PERIODONTOLOGY (Record no. 4876)
[ view plain ]
| 000 -LEADER | |
|---|---|
| fixed length control field | 00335nam a2200133Ia 4500 |
| 008 - FIXED-LENGTH DATA ELEMENTS--GENERAL INFORMATION | |
| fixed length control field | 150201s2014 xx 000 0 und d |
| 082 ## - DEWEY DECIMAL CLASSIFICATION NUMBER | |
| Classification number | 617.632 |
| Item number | C2012N |
| 100 ## - MAIN ENTRY--PERSONAL NAME | |
| Personal name | NEWMAN ,MICHAEL |
| 245 ## - TITLE STATEMENT | |
| Title | CARRANZAS CLINICAL PERIODONTOLOGY |
| 250 ## - EDITION STATEMENT | |
| Edition statement | 11TH |
| 260 ## - PUBLICATION, DISTRIBUTION, ETC. (IMPRINT) | |
| Name of publisher, distributor, etc. | ELSEVIER PUBLICATION |
| 650 ## - SUBJECT ADDED ENTRY--TOPICAL TERM | |
| Topical term or geographic name as entry element | PERIODONTICS |
| 942 ## - ADDED ENTRY ELEMENTS (KOHA) | |
| Source of classification or shelving scheme | Dewey Decimal Classification |
| Koha item type | Books |
| Koha issues (borrowed), all copies | 34 |
| Withdrawn status | Lost status | Source of classification or shelving scheme | Damaged status | Not for loan | Home library | Current library | Date acquired | Serial Enumeration / chronology | SGTU | Total Checkouts | Full call number | Barcode | Date last seen | Date last checked out | Bill Date | Koha item type |
|---|---|---|---|---|---|---|---|---|---|---|---|---|---|---|---|---|
| Dewey Decimal Classification | SGT Dental Library | SGT Dental Library | 07/11/2014 | 1 | SGTU | 30 | 617.632 C2012N | FD7078 | 06/10/2025 | 06/10/2025 | 09/02/2015 | Books | ||||
| Dewey Decimal Classification | SGT Dental Library | SGT Dental Library | 07/11/2014 | 2 | SGTU | 9 | 617.632 C2012N | FD7079 | 21/08/2024 | 21/08/2024 | 09/02/2015 | Books | ||||
| Dewey Decimal Classification | SGT Dental Library | SGT Dental Library | 07/11/2014 | 1 | SGTU | 16 | 617.632 C2012N | FD7080 | 25/06/2024 | 11/06/2024 | 09/02/2015 | Books | ||||
| Dewey Decimal Classification | SGT Dental Library | SGT Dental Library | 07/11/2014 | 2 | SGTU | 7 | 617.632 C2012N | FD7081 | 06/11/2019 | 06/11/2019 | 09/02/2015 | Books | ||||
| Dewey Decimal Classification | SGT Dental Library | SGT Dental Library | 07/11/2014 | 1 | SGTU | 8 | 617.632 C2012N | FD7082 | 01/09/2025 | 29/08/2025 | 09/02/2015 | Books |